El patito feo / (Registro nro. 3301)

Detalles MARC
000 -LEADER
fixed length control field 00704nam a2200205Ia 4500
003 - CONTROL NUMBER IDENTIFIER
control field OSt
005 - DATE AND TIME OF LATEST TRANSACTION
control field 20200511160747.0
008 - FIXED-LENGTH DATA ELEMENTS--GENERAL INFORMATION
fixed length control field 191128t2009 ck a br 000 j spa d
020 ## - INTERNATIONAL STANDARD BOOK NUMBER
International Standard Book Number 9789588314211
040 ## - CATALOGING SOURCE
Original cataloging agency CO-JMCR
Transcribing agency CO-JMCR
041 0# - LANGUAGE CODE
Language code of text/sound track or separate title spa
082 04 - DEWEY DECIMAL CLASSIFICATION NUMBER
Classification number C /
Item number PATp
245 13 - TITLE STATEMENT
Title El patito feo /
260 ## - PUBLICATION, DISTRIBUTION, ETC.
Place of publication, distribution, etc. Bogotá :
Name of publisher, distributor, etc. Toy Cantando,
Date of publication, distribution, etc. ©2009
300 ## - PHYSICAL DESCRIPTION
Extent [30] páginas sin numerar :
Other physical details ilustraciones a color ;
Dimensions 12 cm. x 17 cm.
490 0# - SERIES STATEMENT
Series statement La cajita de los cuentos
520 ## - SUMMARY, ETC.
Summary, etc. Una pata tiene varios patitos, pero uno de ellos es mucho más feo, tosco y torpe que el resto, por lo que todos le dan de lado y se burlan de él.
650 ## - SUBJECT ADDED ENTRY--TOPICAL TERM
Topical term or geographic name entry element Cuentos infantiles
9 (RLIN) 4208
942 ## - ADDED ENTRY ELEMENTS (KOHA)
Source of classification or shelving scheme Dewey Decimal Classification
Koha item type Books
Existencias
Withdrawn status Lost status Source of classification or shelving scheme Damaged status Not for loan Collection code Home library Current library Date acquired Source of acquisition Cost, normal purchase price Total Checkouts Full call number Barcode Date last seen Date last checked out Copy number Koha item type
    Dewey Decimal Classification     Fiction Biblioteca Pública José María del Castillo y Rada Biblioteca Pública José María del Castillo y Rada 11/28/2019 Donación 0.00 9 C / PATp 201507039 11/18/2025 11/18/2025 Ej.1 Books